Countries with Seven Letters (one minute map sprint) - Statistics

General Stats
  • This quiz has been taken 141 times
  • The average score is 168 of 196
Answers on the Map
Answers color-coded by a green-red scale on the quiz's map according to % correct below.
 
Answer Stats
country % Correct
x
100%
Germany
80%
Bolivia
72%
Algeria
71%
Belarus
67%
Ukraine
67%
Finland
63%
Austria
61%
Nigeria
61%
Namibia
53%
Czechia
51%
Hungary
49%
Belgium
46%
Romania
46%
Ecuador
45%
Morocco
43%
Senegal
40%
Uruguay
40%
Moldova
34%
Croatia
33%
Iceland
30%
Armenia
29%
Denmark
26%
Ireland
26%
Myanmar
26%
Tunisia
24%
Georgia
21%
Lesotho
20%
Vietnam
18%
Andorra
14%
Eritrea
14%
Liberia
14%
Albania
13%
Somalia
13%
Burundi
11%
Estonia
10%
Bahamas
8%
Jamaica
8%
Bahrain
7%
Vanuatu
7%
Grenada
5%
Comoros
4%
Lebanon
3%
No matching quizzes found
Score Distribution
Percent of People with Each Score
Percentile by Number Answered
Your Score History
You have not taken this quiz